Markets (Record no. 83229)

MARC details
000 -LEADER
fixed length control field 01215cab a22002175a 4500
001 - CONTROL NUMBER
control field L153206
008 - FIXED-LENGTH DATA ELEMENTS--GENERAL INFORMATION
fixed length control field 110622e2011 xxk 000 0 eng d
035 ## - SYSTEM CONTROL NUMBER
System control number (Sirsi) u153206
041 0# - LANGUAGE CODE
Language code of text/sound track or separate title eng
100 1# - MAIN ENTRY--PERSONAL NAME
Personal name Unger, Paul
245 00 - TITLE STATEMENT
Title Markets
Remainder of title Lancashire and Cumbria
260 ## - PUBLICATION, DISTRIBUTION, ETC.
Date of publication, distribution, etc. 2011
490 #0 - SERIES STATEMENT
Series statement Property Week
Volume/sequential designation 77(24) 17 June 2011, 55-61(4)
520 ## - SUMMARY, ETC.
Summary, etc. The first phase of Roundhouse Properties' 60 000sq ft South Rings Office Village development in Preston will be completed in July. Preston and Blackburn clash over whether planning consent will be granted for Lend Lease's £700m 1.5m sq ft retail-led scheme. Booths, the regional will open a new branch in Salford's Media City later in 2011. Capital & Regional opens new £8m indoor market in the redeveloped Mall shopping centre in Blackburn. Henry Boot will start work on its 160 00 sqft Curzon Street Burnley retail development in early 2012. Assura Group completes a £14m healthcare centre in Blackpool.
590 ## - LOCAL NOTE (RLIN)
Local note KA
651 #4 - SUBJECT ADDED ENTRY--GEOGRAPHIC NAME
Geographic name Lancashire
651 4# - SUBJECT ADDED ENTRY--GEOGRAPHIC NAME
Geographic name Cumbria
690 ## - LOCAL SUBJECT ADDED ENTRY--TOPICAL TERM (OCLC, RLIN)
Topical term or geographic name as entry element PROPERTY-COMMERCIAL PROPERTY-COMMERCIAL PROPERTY MARKET
690 ## - LOCAL SUBJECT ADDED ENTRY--TOPICAL TERM (OCLC, RLIN)
Topical term or geographic name as entry element PROPERTY-COMMERCIAL PROPERTY-COMMERCIAL PROPERTY FINANCE AND INVESTMENT
942 ## - ADDED ENTRY ELEMENTS (KOHA)
Suppress in OPAC 0
Holdings
Withdrawn status Lost status Source of classification or shelving scheme Damaged status Not for loan Home library Current library Shelving location Date acquired Total Checkouts Full call number Barcode Date last seen Copy number Price effective from Koha item type
    Dewey Decimal Classification     London London Journal article 22/06/2011   L153206 153206-1001 06/08/2019 1 06/08/2019 Journal article